000 00423nam a2200157Ia 4500
008 221030s9999 xx 000 0 und d
020 _a8186340610
041 _aEnglish
100 _aP. R. Chadha
245 0 _aQuestion Bank in Electronics & Communication Engineering
_cby P. R. Chadha, S. Chadha
260 _bGalgotia Pub
_aNew Delhi
_c2009
300 _a974
650 _aBB ECE
700 _aS. Chadha
942 _cBK
999 _c17925
_d17925